00314nam a2200109Ia 450000500170000000800410001710000190005824500880007726000190016530000110018465000090019520260328101444.0260328s9999||||xx |||||||||||||| ||und|| aUnión Latina 0aEl Retorno de los ángeles :b Barroco de Las Cumbres en Bolivia /cUnión Latina bUnión Latina a275 p. aARTE